Teoretické východiská koncepcie zlyhávajúcich štátov

Teoretické východiská problematiky zlyhávajúcich štátov ako významného fenoménu súčasných medzinárodných vzťahov. Vymedzenie pojmu a prístupov k nemu a analýza charakteristických znakov zlyhania štátu, pričom sa osobitná pozornosť venuje vzťahu LDC a zlyhávajúcich štátov. Popis snahy o meranie zlyha...

Full description

Saved in:
Bibliographic Details
Main Author: Pajtinka, Viliam
Format: Book Chapter
Language:Slovak
Subjects:
Tags: Add Tag
No Tags, Be the first to tag this record!

MARC

LEADER 00000naa a2200000 4500
001 0164280
005 20240502072850.5
041 0 |a slo 
044 |a SK 
245 1 0 |a Teoretické východiská koncepcie zlyhávajúcich štátov  |c Viliam Pajtinka 
520 |a Teoretické východiská problematiky zlyhávajúcich štátov ako významného fenoménu súčasných medzinárodných vzťahov. Vymedzenie pojmu a prístupov k nemu a analýza charakteristických znakov zlyhania štátu, pričom sa osobitná pozornosť venuje vzťahu LDC a zlyhávajúcich štátov. Popis snahy o meranie zlyhania štátu a načrt častých príčin zlyhania štátu. 
610 2 0 |a vzťahy medzinárodné 
610 2 0 |a štát 
610 2 0 |a pojmy 
610 2 0 |a história 
610 2 0 |a politológia 
610 2 0 |a kontrola štátna 
100 1 |a Pajtinka, Viliam